[Event "Titled Tuesday intern op 28th Apr"]
[Site "Chess.com INT"]
[Date "2020.04.28"]
[Round "8"]
[White "Meier, Georg"]
[Black "Salinas Herrera, Pablo Patricio"]
[Result "1-0"]
[WhiteElo "2621"]
[BlackElo "2514"]
[PlyCount "131"]
[EventDate "2020.04.28"]
[EventType "swiss (blitz)"]
[EventRounds "10"]
[EventCountry "USA"]
[SourceTitle "CBM 195 Extra"]
[Source "ChessBase"]
[SourceDate "2020.05.31"]
[SourceVersion "1"]
[SourceVersionDate "2020.05.31"]
[SourceQuality "1"]

1. Nf3 d5 2. g3 Nf6 3. Bg2 Bg4 4. h3 Bh5 5. c4 c6 ({RR} 5... dxc4 6. Na3 Nbd7 7. Nxc4 e6 8. O-O Be7 9. Qb3 Rb8 10. d3 Nd5 11. g4 Bg6 12. Nce5 Nxe5 13. Nxe5 O-O 14. e4 Nb4 15. Be3 Nc6 16. Nxc6 bxc6 17. Qc3 c5 18. b3 f5 19. Bxc5 Bxc5 20. Qxc5 {Keymer,V (2721)-Abdusattorov,N (2783) Vrnjacka Banja SRB 2024 ½-½ (51)}) ({RR} 5... e6 6. Qb3 Qc8 7. Nc3 c6 8. d4 Bd6 9. O-O O-O 10. Ne5 Nbd7 11. f4 c5 12. cxd5 cxd4 13. dxe6 Nc5 14. exf7+ Bxf7 15. Qd1 Rd8 16. Nxf7 Kxf7 17. Nb5 Bf8 18. b4 Nce4 19. Qb3+ Ke8 20. Bb2 {Ernst,R (2355)-Salimiyan,B (2277) chess.com INT 2025 1-0 (35)}) 6. cxd5 Bxf3 7. Bxf3 cxd5 8. d4 $146 ({RR} 8. Qb3 Qd7 9. Nc3 e6 10. d4 Nc6 11. e3 Bd6 12. Bd2 O-O 13. O-O Na5 14. Qb5 Nc4 15. Qxd7 Nxd7 16. Bc1 Bb4 17. Nb1 Rac8 18. b3 Nd6 19. a3 Ba5 20. Be2 Rc6 21. Ra2 Rfc8 22. Bb2 a6 {Quiroga,F (2334)-Real de Azua,E (2420) Buenos Aires 2010 0-1 (47)}) 8... Nc6 9. O-O e6 10. Nc3 Be7 11. e3 O-O 12. Bd2 Qd7 13. Qe2 Rfc8 14. Bg2 Ne8 15. Rfc1 Nd6 16. Be1 Nc4 17. Rab1 b6 18. Qd1 a6 19. Ne2 b5 20. Nf4 Rab8 21. Nd3 Qa7 22. Rc2 Rc7 23. Rbc1 Rbc8 24. h4 Qb6 25. h5 h6 26. Bf1 a5 27. Nc5 Bxc5 28. dxc5 Qb7 29. b3 Na3 30. Rd2 b4 31. Bg2 Ne7 32. e4 dxe4 33. Rd8+ Kh7 34. Rxc8 Rxc8 35. Qd6 Nb5 36. Qf4 f5 37. g4 Qc7 38. Qe3 Nd5 39. Qe2 Qe5 40. Qxb5 Nf4 41. Bd2 Nxg2 42. Kxg2 f4 43. Qc4 Rd8 44. Rc2 Kh8 45. c6 e3 46. Bxe3 fxe3 47. c7 Rc8 48. fxe3 Qxe3 49. Re2 Qb6 50. Rxe6 Qb7+ 51. Qe4 Qxe4+ 52. Rxe4 Rxc7 53. Kf3 Rc2 54. Re2 Rc5 55. Ke4 Kg8 56. Kf4 Rg5 57. Re5 Rxe5 58. Kxe5 Kf7 59. Kf5 Ke7 60. g5 Kf8 61. gxh6 gxh6 62. Kg6 Ke7 63. Kxh6 Kf6 64. Kh7 Kf7 65. h6 Ke6 66. Kg7 1-0

[Event "Titled Tuesday intern op 28th Apr"]
[Site "Chess.com INT"]
[Date "2020.04.28"]
[Round "8"]
[White "Nakamura, Hikaru"]
[Black "Dlugy, Maxim"]
[Result "1-0"]
[WhiteElo "2736"]
[BlackElo "2513"]
[PlyCount "63"]
[EventDate "2020.04.28"]
[EventType "swiss (blitz)"]
[EventRounds "10"]
[EventCountry "USA"]
[SourceTitle "EXT 2021"]
[Source "ChessBase"]
[SourceDate "2020.10.23"]
[SourceVersion "1"]
[SourceVersionDate "2020.10.23"]
[SourceQuality "1"]

1. Nf3 d5 2. b3 Bf5 3. g3 ({RR} 3. Ba3 Nd7 4. c4 e6 5. Bxf8 Nxf8 6. d3 Nf6 7. g3 h6 8. Bg2 N8d7 9. O-O O-O 10. Qc1 c6 11. Qb2 Re8 12. Nbd2 e5 13. cxd5 cxd5 14. Rac1 Qb6 15. h3 Qe6 16. Kh2 Qd6 17. Rfd1 Bh7 {Carlsen,M (2853)-Giri,A (2768) Warsaw POL 2023 ½-½ (59)}) ({RR} 3. Nh4 Bd7 4. g3 e5 5. Bb2 Nc6 6. Bg2 Be6 7. O-O Qd7 8. d3 g5 9. Nf3 f6 10. c4 Nge7 11. Nc3 h5 12. h4 g4 13. Nd2 O-O-O 14. a3 Bh6 15. cxd5 Nxd5 16. Nde4 Qe7 17. b4 Nxc3 {Boyer,M (2531)-Paravyan,D (2621) chess.com INT 2025 0-1 (36)}) 3... e6 4. Nh4 ({RR} 4. Bb2 h6 5. Bg2 Nf6 6. Ne5 Be7 7. d3 Bh7 8. Nd2 O-O 9. O-O a5 10. a3 Nbd7 11. Nxd7 Nxd7 12. c4 c6 13. Qc2 Bf6 14. b4 Qb6 15. Bxf6 Nxf6 16. Qc3 axb4 17. axb4 Nd7 18. Nb3 Rfd8 {Nakamura,H (2736)-Sjugirov,S (2680) Chess.com INT 2022 1-0 (33)}) 4... Be4 $146 ({RR} 4... Bg4 5. h3 Bh5 6. Bb2 Nd7 7. d3 Ngf6 8. g4 Bg6 9. Nd2 Bd6 10. e3 Qe7 11. a3 e5 12. Bg2 c6 13. Qe2 O-O-O 14. b4 Rhe8 15. c4 Kb8 16. Nb3 e4 17. Nxg6 hxg6 18. c5 Bc7 19. d4 {Nakamura,H (2736)-Vrolijk,L (2480) Chess.com INT 2020 1-0 (34)}) 5. f3 Be7 6. fxe4 Bxh4 7. e5 Nd7 8. d4 Bg5 9. e3 c5 10. h4 Be7 11. c4 dxc4 12. bxc4 Nh6 13. Bd3 Qb6 14. Qb3 cxd4 15. Qxb6 Nxb6 16. exd4 Rc8 17. Nd2 Bb4 18. Rb1 Bc3 19. c5 Nd5 20. Rxb7 Bxd4 21. Bb5+ Kf8 22. Nb3 Bxe5 23. O-O f6 24. Bd7 Rd8 25. Bxe6 Nc7 26. Bc4 Bxg3 27. Bxh6 gxh6 28. Rxf6+ Ke7 29. Rf7+ Ke8 30. Rbxc7 Bxc7 31. Rxc7 Rf8 32. Bb5+ 1-0

[Event "Titled Tuesday intern op 28th Apr"]
[Site "Chess.com INT"]
[Date "2020.04.28"]
[Round "8"]
[White "Triapishko, Alexandr"]
[Black "Vavulin, Maksim"]
[Result "1-0"]
[WhiteElo "2506"]
[BlackElo "2554"]
[PlyCount "89"]
[EventDate "2020.04.28"]
[EventType "swiss (blitz)"]
[EventRounds "10"]
[EventCountry "USA"]
[SourceTitle "CBM 195 Extra"]
[Source "ChessBase"]
[SourceDate "2020.05.31"]
[SourceVersion "1"]
[SourceVersionDate "2020.05.31"]
[SourceQuality "1"]

1. Nf3 Nf6 2. g3 b6 3. b3 Bb7 4. Bg2 c5 5. Bb2 g6 ({RR} 5... d5 6. Bxf6 gxf6 7. d4 e5 8. e3 Nc6 9. dxc5 Bxc5 10. O-O Qd7 11. Nc3 O-O-O 12. a3 Kb8 13. Nh4 d4 14. Ne4 dxe3 15. Qxd7 exf2+ 16. Kh1 Rxd7 17. b4 Be7 18. Rxf2 Rhd8 19. Raf1 Rd1 20. h3 {Fedoseev,V (2731)-Andreikin,D (2708) Sochi 2017 1-0}) ({RR} 5... e6 6. O-O Be7 7. d3 O-O 8. e4 d6 9. Nbd2 Nc6 10. e5 Nd5 11. exd6 Bxd6 12. Ne4 Be7 13. Re1 h6 14. a3 Rc8 15. d4 cxd4 16. Nxd4 Nf6 17. Nxc6 Bxc6 18. Nxf6+ Bxf6 19. Qxd8 Rfxd8 20. Bxf6 {Materia,M (2474)-Martinez Alcantara,J (2606) chess.com INT 2025 ½-½ (41)}) 6. Bxf6 exf6 7. c4 d5 8. Nh4 $146 ({RR} 8. cxd5 Qxd5 9. O-O Bg7 10. Nc3 Qd7 11. Rc1 f5 12. e3 O-O 13. d4 Na6 14. Ne5 Qe7 15. Nd5 Bxd5 16. Bxd5 Rac8 17. Bc4 Bxe5 18. Bxa6 Rcd8 19. Re1 Bg7 20. d5 Qd7 21. Bc4 Qd6 22. Qf3 Rfe8 {Lehmann,M (2235)-Gaerths,R (2285) Germany 1994 ½-½ (41)}) 8... Qd7 9. Nc3 d4 10. Bxb7 Qxb7 11. Nd5 Bg7 12. O-O O-O 13. e3 f5 14. Qf3 Nc6 15. Rad1 Rab8 16. Qg2 Rfe8 17. Nf3 Ne7 18. Nxe7+ Rxe7 19. exd4 cxd4 20. Ne1 Qa6 21. a4 Qa5 22. Nd3 Re4 23. f3 Re7 24. Rfe1 Rbe8 25. Rxe7 Rxe7 26. Kf1 h5 27. Re1 Rxe1+ 28. Kxe1 f4 29. g4 Qg5 30. h3 Bf8 31. Kd1 a6 32. Qf2 Bg7 33. Kc2 b5 34. axb5 axb5 35. c5 Bf8 36. Qxd4 Qh4 37. gxh5 g5 38. Qe4 Qxh3 39. b4 Qxh5 40. c6 Qh3 41. c7 Qc8 42. Qc6 Kg7 43. Ne5 f6 44. Qd7+ Qxd7 45. Nxd7 1-0

[Event "PNWCC Online blitz JP 8th"]
[Site "Chess.com INT"]
[Date "2020.05.02"]
[Round "5"]
[White "Gelfand, Boris"]
[Black "Huzman, Alexander"]
[Result "1-0"]
[WhiteElo "2676"]
[BlackElo "2562"]
[PlyCount "119"]
[EventDate "2020.05.02"]
[EventType "swiss (blitz)"]
[EventRounds "11"]
[EventCountry "USA"]
[SourceTitle "CBM 195 Extra"]
[Source "ChessBase"]
[SourceDate "2020.05.31"]
[SourceVersion "1"]
[SourceVersionDate "2020.05.31"]
[SourceQuality "1"]

1. Nf3 Nf6 2. g3 b5 3. e3 a6 4. Bg2 Bb7 5. O-O g6 6. b3 Bg7 7. Bb2 O-O 8. Qe2 ({RR} 8. d4 d6 9. Nbd2 Nbd7 10. Qe2 c5 11. c4 Ne4 12. Nxe4 Bxe4 13. cxb5 axb5 14. Qxb5 Ra7 15. Qe2 Qa8 16. Bc3 Nb6 17. dxc5 Bxc3 18. cxb6 Ra3 19. Rac1 Rxa2 20. Qd1 Bf6 21. Ne1 Ra6 22. Rc4 Bxg2 {Caruana,F (2827)-Carlsen,M (2840) Chess.com INT 2017 ½-½ (86)}) 8... d6 $146 ({RR} 8... c5 9. c4 Qb6 10. Nc3 bxc4 11. Qxc4 d6 12. Qh4 Nbd7 13. d4 cxd4 14. Na4 Qa5 15. Bxd4 Rfc8 16. Rac1 Qh5 17. Qxh5 Nxh5 18. Bxg7 Kxg7 19. Nd4 Bxg2 20. Kxg2 Nhf6 21. Nc6 Kf8 22. Na5 Ke8 23. h3 {Oparin,G (2687)-Donchenko,A (2667) chess.com INT 2023 1-0 (68)}) 9. c4 Nbd7 10. d4 e6 11. Nbd2 Rb8 12. Rac1 Ne4 13. Rfd1 Nxd2 14. Rxd2 Be4 15. Ne1 Bxg2 16. Kxg2 Qc8 17. Nd3 Qb7+ 18. Qf3 Qxf3+ 19. Kxf3 Rb7 20. c5 Nb8 21. cxd6 cxd6 22. Rdc2 Nd7 23. Rc6 e5 24. Rxd6 exd4 25. Bxd4 Bxd4 26. Rxd4 Ra8 27. Rc6 a5 28. Rcd6 Nf8 29. Rd8 Raa7 30. Nc5 Rc7 31. R4d5 Kg7 32. Rb8 b4 33. Rb5 h5 34. h4 Rc8 35. Ne4 Rca8 36. Nc5 Rc8 37. e4 Nh7 38. e5 Nf8 39. Ke4 Re8 40. Rd6 Rae7 41. f4 Ra7 42. Ra6 Rxa6 43. Nxa6 Ne6 44. Nc5 Nxc5+ 45. Rxc5 Ra8 46. Rb5 Kf8 47. Rb7 Rc8 48. Ra7 Rc3 49. Rxa5 Rxg3 50. Rb5 Rg2 51. Rxb4 Rxa2 52. Rb7 Rh2 53. b4 Rxh4 54. e6 f6 55. b5 Ke8 56. b6 g5 57. Rh7 Rxf4+ 58. Kd5 h4 59. b7 Rb4 60. b8=Q+ 1-0

[Event "Nations Cup Online Prelim"]
[Site "Chess.com INT"]
[Date "2020.05.06"]
[Round "3.2"]
[White "Aronian, Levon"]
[Black "Vidit, Santosh Gujrathi"]
[Result "1-0"]
[WhiteElo "2773"]
[BlackElo "2726"]
[Annotator "Edouard,Romain"]
[PlyCount "111"]
[EventDate "2020.05.05"]
[EventType "team-tourn (rapid)"]
[EventRounds "10"]
[EventCountry "USA"]
[SourceTitle "CBM 196"]
[Source "ChessBase"]
[SourceDate "2020.06.30"]
[SourceVersion "1"]
[SourceVersionDate "2020.06.30"]
[SourceQuality "1"]
[WhiteTeam "Europe"]
[BlackTeam "India"]
[BlackTeamCountry "IND"]

{[%evp 0,111,19,29,23,12,37,14,-4,4,9,5,-21,-26,-4,-67,-22,-41,-28,-2,-12,-35,-30,-1,36,-37,-25,-40,-26,-13,13,-18,-18,-18,-18,-15,-30,-19,-35,-47,-37,-62,4,-16,-7,-20,-20,12,-14,-49,-5,-47,-5,6,14,-36,-57,-97,-23,-23,40,45,43,21,45,-8,86,0,-1,2,22,0,0,0,1,-17,-15,0,0,0,0,0,27,21,12,39,40,42,42,16,42,43,43,0,43,35,33,540,839,934,1022,1032,1075,1092,1105,1122,1157,1281,1283,1330,1330,1300,1894,1894]} 1. Nf3 d5 2. e3 c5 3. c4 d4 4. exd4 cxd4 5. Bd3 $5 {A reversed Schmid-Benoni! To be honest, I had never seen it.} Nc6 ({RR} 5... Nf6 6. O-O g6 7. Bc2 Bg7 8. d3 O-O 9. a3 a5 10. Re1 Nc6 11. Nbd2 Nd7 12. Rb1 b6 13. b4 Bb7 14. Nf1 e5 15. Ng3 h6 16. Bd2 axb4 17. axb4 Qc7 18. Bb3 Kh7 19. h4 f5 20. h5 {Dobrov,V (2515)-Eljanov,P (2711) Riadh 2017 1-0}) 6. O-O Nf6 (6... g6 {went very well for Black in another game:} 7. Re1 Bg7 8. a3 a5 9. Bc2 (9. Qe2 $5 {and then c2 might be the right solution}) 9... d3 $1 10. Ba4 Nh6 $1 11. Nc3 O-O $15 {0-1 (39) Agayev,N (2350)-Stupak,K (2586) Baku AZE 2017}) 7. Bc2 ({RR} 7. Re1 e6 8. Bc2 Bd6 9. d3 O-O 10. a3 a5 11. Nbd2 Re8 12. Nf1 h6 13. Rb1 e5 14. Bd2 Bg4 15. h3 Bf5 16. Ng3 Bh7 17. b4 axb4 18. axb4 e4 19. Nxe4 Nxe4 20. dxe4 d3 21. Bxd3 Bh2+ {Gutierrez Olivares,D (2354)-Melikhov,E (2138) chess.com INT 2025 1-0 (69)}) 7... Bg4 8. Ba4 $146 ({RR} 8. d3 e6 9. a3 a5 10. Nbd2 Bd6 11. Re1 O-O 12. h3 Bh5 13. Ba4 Qc7 14. Qc2 Rfd8 15. Rb1 h6 16. Bxc6 bxc6 17. b4 axb4 18. axb4 Bf4 19. b5 cxb5 20. Rxb5 Bxd2 21. Nxd2 Re8 22. Ne4 Nxe4 {Mochalov,E (2446)-Ben Menachem,I (2311) Kemer 2007 0-1}) 8... Nd7 {The most solid move.} (8... e5 9. h3 (9. d3 Bd6 $132) 9... Bxf3 10. Qxf3 e4 11. Qb3 Rb8 12. d3 $36) 9. h3 Bh5 10. d3 e5 11. Re1 Be7 12. Nbd2 (12. g4 Bg6 13. Nxe5 Ndxe5 14. Rxe5 O-O {would give Black full compensation for the pawn.}) 12... O-O 13. Ne4 Qc7 14. a3 a5 15. Ng3 Bg6 16. Bxc6 bxc6 17. Nxd4 exd4 18. Rxe7 Qd6 19. Re2 Nc5 {Here as well Black has more than enough compensation!} 20. Ne4 (20. Rd2 $6 a4 $17) (20. a4 $1 {in order to play Ra3, or answer Nxd3 or Bxd3 with Rd2, was perhaps what White had to do.}) 20... Nxe4 (20... Bxe4 $5 21. dxe4 Rfe8 22. f3 a4 $15) 21. dxe4 Rfe8 22. f3 a4 23. c5 Qxc5 24. Bf4 Qb6 25. Rc1 c5 (25... f5 $5 26. e5 d3+ 27. Rf2 Qd4 28. Qd2 c5 $15) 26. Rc4 f6 27. Qc1 $2 ({Some timid move like} 27. Rd2 {was better. The a4-pawn is hanging, by the way...}) 27... Ra5 $1 28. Rec2 f5 $2 (28... Bf7 $1 29. Rxc5 d3 30. Bc7 $8 (30. R2c3 Rxc5 31. Rxc5 Rc8 32. Be3 Rxc5 33. Bxc5 d2 $1 $19) 30... Rxc5 31. Bxb6 Rxc2 {would surely have brought Black the full point.}) 29. Rxc5 Rxc5 30. Rxc5 fxe4 31. fxe4 d3 32. Be3 Qe6 33. Rc7 Qxe4 34. Bd2 {Suddenly, it's unclear who is playing for a win!} h6 35. Qc5 Bf7 36. Bc3 Qg6 37. Re7 Rxe7 38. Qxe7 Kh7 39. Qe5 Be8 40. Kf2 {Unbelievably enough, Black never took a decision to swap queens. True, it was hard to see Levon's winning idea coming.} Bf7 ({But} 40... Qf6+ {was an easy draw:} 41. Qxf6 gxf6 42. Bxf6 Bf7 (42... Bc6 $5 43. g4 Kg6 44. Bc3 h5 $11) 43. Ke3 (43. b4 axb3 44. a4 Kg6 45. Bc3 Bd5 $11) 43... Bb3 44. Kxd3 Kg6 $11) 41. g4 Bb3 42. Ke3 Bc2 $2 (42... Qg5+ $11) 43. Kd2 Bb3 ({It's now too late for} 43... Qg5+ $4 44. Qxg5 hxg5 {because of} 45. b4 $3 axb3 46. Bb2 {and White wins!}) 44. Ke3 Bc2 (44... Qg5+ $1 $11) 45. Kd2 Bb3 46. Qe7 Bc2 $4 47. b4 $3 {Finally Levon has got what he wanted, and it's a masterpiece! He's going to queen one of his queenside pawns, as Black is totally paralysed on the kingside, while his bishop is stuck on c2!} axb3 (47... h5 $5 48. g5 Bb3 49. b5 Bf7 50. b6 Qf5 51. Qe5 $18) 48. Bb2 h5 49. g5 h4 50. a4 Kg8 51. a5 Kh7 52. a6 Bd1 53. Kxd1 d2 54. Qxg7+ Qxg7 55. Bxg7 Kxg7 56. Kxd2 {A tough one for Vidit!} 1-0

[Event "Nations Cup Online Prelim"]
[Site "Chess.com INT"]
[Date "2020.05.07"]
[Round "5.3"]
[White "Amin, Bassem"]
[Black "Giri, Anish"]
[Result "1-0"]
[WhiteElo "2686"]
[BlackElo "2764"]
[PlyCount "105"]
[EventDate "2020.05.05"]
[EventType "team-tourn (rapid)"]
[EventRounds "10"]
[EventCountry "USA"]
[SourceTitle "CBM 196"]
[Source "ChessBase"]
[SourceDate "2020.06.30"]
[SourceVersion "1"]
[SourceVersionDate "2020.06.30"]
[SourceQuality "1"]
[WhiteTeam "Rest of the World"]
[BlackTeam "Europe"]

1. e4 c5 2. Nf3 d6 3. g3 Nf6 4. d3 g6 5. Bg2 Bg7 6. O-O O-O 7. Re1 Nc6 8. c3 e5 9. a3 b5 10. h3 Rb8 11. Be3 a5 12. a4 b4 13. Nbd2 h6 ({RR} 13... Re8 14. Rc1 Ba6 15. d4 bxc3 16. bxc3 cxd4 17. cxd4 Nb4 18. Nc4 Nxe4 19. dxe5 d5 20. Nb2 Na2 21. Rc6 Nb4 22. Rc1 Na2 23. Rc6 Rxb2 24. Rxa6 Nb4 25. Ra7 Nc6 26. Qc1 Rb6 27. Ra8 Qxa8 28. Bxb6 {Amin,B (2686)-Jones,G (2670) Playchess.com INT 2020 0-1 (38)}) 14. Rc1 Re8 15. d4 $146 ({RR} 15. Nc4 Be6 16. Nfd2 Qd7 17. Kh2 Bf8 18. Rf1 d5 19. exd5 Bxd5 20. Ne4 Nxe4 21. dxe4 Be6 22. Qxd7 Bxd7 23. Rfd1 Be6 24. Bf1 Kg7 25. Rd2 bxc3 26. bxc3 Nd4 27. Rdd1 Nf3+ 28. Kg2 Ng5 29. Bxg5 hxg5 {Amin,B (2694)-Le,Q (2728) Biel SUI 2023 1-0 (47)}) 15... bxc3 16. bxc3 exd4 17. cxd4 Nb4 18. Nc4 Nxe4 19. dxc5 Na2 20. Nxd6 Nxd6 21. Rc2 Bf5 22. Rxa2 Nc4 23. Qxd8 Rbxd8 24. c6 Rc8 25. Nd2 Ne5 26. g4 Nd3 27. Rb1 Be6 28. Rc2 Nb4 29. Rc5 Ba2 30. Rf1 Bf8 31. Rxa5 Nxc6 32. Rb5 Ne5 33. Ra1 Bc4 34. Nxc4 Nxc4 35. Bd4 Red8 36. Bf6 Rd6 37. g5 hxg5 38. Bxg5 Na3 39. Rb3 f6 40. Be3 Nc2 41. Rc1 Rc4 42. Bf1 Rc8 43. a5 Rdc6 44. Bb6 Nb4 45. Rxc6 Rxc6 46. a6 Rc1 47. a7 Ra1 48. Rxb4 Bxb4 49. Kg2 Bd6 50. Bc4+ Kg7 51. Bd5 Bc7 52. Bd4 Be5 53. Bxa1 1-0

[Event "Titled Tuesday intern op 5th May"]
[Site "Chess.com INT"]
[Date "2020.05.05"]
[Round "6"]
[White "Ramirez Alvarez, Alejandro"]
[Black "Sanchez, Josue Araujo"]
[Result "1-0"]
[WhiteElo "2567"]
[BlackElo "2561"]
[PlyCount "113"]
[EventDate "2020.05.05"]
[EventType "swiss (blitz)"]
[EventRounds "10"]
[EventCountry "USA"]
[SourceTitle "EXT 2021"]
[Source "ChessBase"]
[SourceDate "2020.10.23"]
[SourceVersion "1"]
[SourceVersionDate "2020.10.23"]
[SourceQuality "1"]

1. Nf3 g6 2. g3 Bg7 3. Bg2 c5 4. O-O Nc6 5. c3 Nf6 6. d4 cxd4 7. cxd4 O-O ({RR} 7... d6 8. d5 Ne5 9. Nxe5 dxe5 10. Nc3 O-O 11. e4 e6 12. d6 Ne8 13. Be3 b6 14. a4 Nxd6 15. a5 Nc4 16. Qxd8 Rxd8 17. axb6 Nxe3 18. Rxa7 Rxa7 19. bxa7 Bb7 20. fxe3 Bf8 21. Rd1 Ra8 22. Rd7 {Wieczorek,Z (2105)-Smieszek,W (2147) chess.com INT 2025 0-1 (52)}) 8. d5 Na5 $146 ({RR} 8... Nb4 9. Nc3 d6 10. e4 Na6 11. Be3 Bd7 12. Rc1 Qa5 13. Bd4 b5 14. e5 dxe5 15. Nxe5 Rad8 16. Qb3 b4 17. Ne4 Nxe4 18. Bxe4 Bb5 19. Rfe1 e6 20. dxe6 Rxd4 21. e7 Bxe5 22. exf8=Q+ Kxf8 23. Bxg6 {Papp,L (2394)-Gaal,Z (2313) Ajka 2022 1-0 (36)}) ({RR} 8... Nb4 9. Nc3 d6 10. a3 Na6 11. Nd4 Bd7 12. e4 Rc8 13. h3 Rc4 14. Be3 Qc8 15. Kh2 Nc5 16. Qe2 Rxc3 17. bxc3 Ncxe4 18. c4 a6 19. Qc2 Nc5 20. Rab1 Re8 21. Rfe1 Ba4 22. Qd2 Nfd7 23. f4 {Nyzhnyk,I (2665)-Iturrizaga Bonelli,E (2629) chess24.com INT 2020 0-1 (69)}) 9. Nc3 d6 10. Nd4 Bd7 11. b3 Qb6 12. Bb2 Rfc8 13. Qd2 Ng4 14. Rad1 Ne5 15. Ba1 Qb4 16. h3 Be8 17. Kh1 Rc7 18. f4 Nd7 19. Ncb5 Qxd2 20. Rxd2 Rcc8 21. Bc3 a6 22. Bxa5 axb5 23. Bb4 Bxd4 24. Rxd4 Rxa2 25. Bf3 Nc5 26. Rb1 Bd7 27. g4 Rca8 28. Bc3 Rc2 29. Be1 Rca2 30. b4 Ra1 31. Rdd1 Rxb1 32. Rxb1 Na4 33. Bf2 Rc8 34. Kg1 Rc2 35. Kf1 f6 36. Bd4 Kf7 37. Ke1 Rc4 38. e3 h6 39. h4 g5 40. hxg5 fxg5 41. f5 Bc8 42. Kd2 Bd7 43. Rh1 Rxb4 44. Rxh6 Nc5 45. Rh7+ Kf8 46. Bxc5 dxc5 47. d6 Rb2+ 48. Kc3 Rf2 49. dxe7+ Ke8 50. Bxb7 b4+ 51. Kc4 Rc2+ 52. Kd5 Rd2+ 53. Ke5 b3 54. Kf6 Rd6+ 55. Ke5 Rd3 56. f6 Rxe3+ 57. Be4 1-0

[Event "Titled Tuesday intern op 5th May"]
[Site "Chess.com INT"]
[Date "2020.05.05"]
[Round "7"]
[White "Grischuk, Alexander"]
[Black "Indjic, Aleksandar"]
[Result "1-0"]
[WhiteElo "2777"]
[BlackElo "2618"]
[PlyCount "63"]
[EventDate "2020.05.05"]
[EventType "swiss (blitz)"]
[EventRounds "10"]
[EventCountry "USA"]
[SourceTitle "CBM 196 Extra"]
[Source "ChessBase"]
[SourceDate "2020.07.31"]
[SourceVersion "1"]
[SourceVersionDate "2020.07.31"]
[SourceQuality "1"]

1. Nf3 d5 2. g3 Bg4 3. Bg2 Nd7 4. d4 e6 5. O-O c6 6. c4 Bxf3 ({RR} 6... dxc4 7. a4 Ngf6 8. Nbd2 b5 9. axb5 cxb5 10. Ne5 Nxe5 11. Bxa8 Qxa8 12. dxe5 Nd7 13. f3 Bh3 14. Re1 Bc5+ 15. Kh1 Nxe5 16. Ne4 Ng4 17. Qc2 Nf2+ 18. Nxf2 Bxf2 19. Rd1 O-O 20. Bf4 Bb6 21. Qc3 {Stupak,K (2542)-Movsesian,S (2659) Minsk 2015 0-1 (67)}) 7. Bxf3 f5 ({RR} 7... dxc4 8. a4 a5 9. Qc2 Nb6 10. e3 Bb4 11. Nd2 Bxd2 12. Bxd2 Nf6 13. Rab1 O-O 14. b3 cxb3 15. Qxb3 Nbd5 16. Qxb7 Rc8 17. Rfc1 Qd6 18. Bxa5 c5 19. dxc5 Rxc5 20. Rxc5 Qxc5 21. Bb4 Nxb4 22. Qxb4 {Stevik,P (2314)-Khademi,M (2116) chess.com INT 2025 1-0}) 8. Qb3 Qb6 9. Bf4 $146 ({RR} 9. Qe3 Kf7 10. Nc3 Ngf6 11. c5 Qd8 12. Qd3 Ne4 13. Bxe4 fxe4 14. Qe3 Nf6 15. f3 exf3 16. exf3 Be7 17. Qe2 Re8 18. Bf4 Nh5 19. Be5 Bf6 20. f4 g5 21. Qxh5+ Kg7 22. fxg5 Bxe5 23. Rf7+ {1-0 (23) Orantes Taboada,F (2244)-Taras,I (2224) Chess.com INT 2020}) 9... Ngf6 10. Nc3 Be7 11. c5 Qa6 12. Qc2 b6 13. b4 bxc5 14. bxc5 h6 15. h4 Kf7 16. h5 g5 17. hxg6+ Kxg6 18. g4 Rag8 19. Kh1 Ne4 20. gxf5+ exf5 21. e3 Bg5 22. Bh2 Ndf6 23. Ne2 Kf7 24. Be5 f4 25. Bxf4 Qc8 26. Bh2 Bh4 27. Nf4 Qf5 28. Qe2 h5 29. Bg2 Ng4 30. Bg1 Rg7 31. Qf3 Rhg8 32. Qh3 1-0

[Event "GER-ch Net blitz final"]
[Site "Playchess.com INT"]
[Date "2020.05.09"]
[Round "3"]
[White "Meier, Georg"]
[Black "Donchenko, Alexander"]
[Result "1-0"]
[WhiteElo "2621"]
[BlackElo "2646"]
[PlyCount "115"]
[EventDate "2020.05.09"]
[EventType "tourn (blitz)"]
[EventRounds "13"]
[EventCountry "GER"]
[EventCategory "11"]
[SourceTitle "CBM 196 Extra"]
[Source "ChessBase"]
[SourceDate "2020.07.31"]
[SourceVersion "1"]
[SourceVersionDate "2020.07.31"]
[SourceQuality "1"]

1. Nf3 d5 2. g3 c5 3. Bg2 Nf6 4. O-O e6 5. b3 Nc6 6. Bb2 Bd6 ({RR} 6... g6 7. e4 dxe4 8. Ng5 Bg7 9. Nxe4 Qe7 10. Na3 O-O 11. Nxf6+ Bxf6 12. Bxf6 Qxf6 13. Bxc6 bxc6 14. d3 e5 15. Nc4 Be6 16. Nd2 Bd5 17. c4 Be6 18. Qf3 Qxf3 19. Nxf3 f6 20. Nd2 Bf5 21. Ne4 {Donchenko,A (2638)-Ahmad,K (2388) chess.com INT 2024 1-0 (61)}) 7. d4 cxd4 8. Nxd4 Nxd4 $146 ({RR} 8... O-O 9. c4 e5 10. Nxc6 bxc6 11. cxd5 Nxd5 12. Nd2 Re8 13. Rc1 Bb7 14. Nc4 Bc7 15. Qd2 Qe7 16. Na5 Bxa5 17. Qxa5 e4 18. Rfd1 h5 19. Qc5 Qg5 20. Qd4 Qg6 21. e3 h4 22. Bh3 Rad8 23. Qxa7 {Meier,G (2628)-Firouzja,A (2702) chess24.com INT 2020 0-1 (36)}) 9. Qxd4 O-O 10. c4 e5 11. Qd3 d4 12. e3 dxe3 13. Qxe3 Qe7 14. Nd2 Bf5 15. Ne4 Bxe4 16. Bxe4 Bc5 17. Qf3 Nxe4 18. Qxe4 f6 19. Rad1 Rad8 20. Rd5 Rd7 21. Rfd1 Rfd8 22. Kg2 Rxd5 23. Rxd5 Rxd5 24. Qxd5+ Kf8 25. g4 e4 26. Bd4 Bxd4 27. Qxd4 a6 28. h3 g6 29. b4 Kg7 30. c5 g5 31. a4 Qe8 32. Qd5 e3 33. fxe3 Qxe3 34. Qxb7+ Kh6 35. Qf3 Qd2+ 36. Qf2 Qd5+ 37. Kg1 Kg7 38. Qe3 Qd1+ 39. Kh2 Qxa4 40. Qe7+ Kg6 41. Qe4+ Kg7 42. c6 Qa2+ 43. Kg3 Qb3+ 44. Qf3 Qxb4 45. Qd5 Qc3+ 46. Kf2 Qc2+ 47. Ke3 Qc3+ 48. Ke4 Qe1+ 49. Kd4 Qf2+ 50. Kc4 Qc2+ 51. Kb4 Qb2+ 52. Kc5 Qb5+ 53. Kd6 Qb4+ 54. Kd7 Qa4 55. Kd8 Qb4 56. c7 Qf8+ 57. Kd7 Qg8 58. Qxg8+ 1-0